| 000 | 01362nam2a22002651 4500 | ||
|---|---|---|---|
| 001 | rc\3332819 | ||
| 005 | 20250609213602.0 | ||
| 021 |
_aRU _b[72-34794] |
||
| 035 | _a(NLR Aleph) 007513798 | ||
| 090 |
_a7703915 _c7703915 |
||
| 100 | _a20130115d1972 |||y0rusy50 ca | ||
| 101 | 0 | _arus | |
| 102 | _aRU | ||
| 105 | _aa z ||||| | ||
| 200 | 1 |
_aТепло- и массоперенос в реологических системах _e[Докл. совещ.] _f[Ред. коллегия: д-р физ.-мат. наук, проф. Г.И. Баренблатт и др.] |
|
| 210 |
_d1972 _aБ. м. |
||
| 215 |
_a454 с. _cчерт. |
||
| 320 | _aСписки лит. в конце докл. | ||
| 461 | 0 |
_1001rc\3332813 _12001#$aТепло- и массоперенос$f[Ред. коллегия: д-р физ.-мат. наук И.П. Гинзбург и др.]$gИн-т тепло- и массообмена АН БССР. Т. 1-$vТ. 3 _97703897 _cМинск _d1972- _f[Ред. коллегия: д-р физ.-мат. наук И.П. Гинзбург и др.] _nБ. и. _tТепло- и массоперенос _vТ. 3 |
|
| 702 | 1 |
_4340 _7ca _8rus _aБаренблатт _bГ. И. _f1927- _gГригорий Исаакович _9182384 _3RU\NLR\AUTH\770182435 |
|
| 801 | 0 |
_aRU _bNLR _gpsbo |
|
| 801 | 1 |
_aRU _bELAR _2rusmarc |
|
| 852 |
_aNLR _j72-3/2878 |
||
| 942 | _cBOOK | ||
| 980 | _aNB | ||